Türkiye'de cemaatçi milliyetçilik ve Nurettin Topçu /
Saved in:
| Main Author: | |
|---|---|
| Format: | Book |
| Language: | Turkish |
| Published: |
Çemberlitaş, İstanbul :
Dergâh Yayınları,
1992.
|
| Edition: | 1. baskı. |
| Series: | Çağdaş Türk düşüncesi ;
18. |
| Subjects: | |
| Tags: |
Add Tag
No Tags, Be the first to tag this record!
|
| LEADER | 00980nam a2200301 a 4500 | ||
|---|---|---|---|
| 001 | 007780936-X | ||
| 005 | 20020606104010.5 | ||
| 008 | 980505s1992 tu b 000|0btur d | ||
| 010 | |a 92853908 | ||
| 020 | |a 975746242X | ||
| 035 | 0 | |a ocm28587880 | |
| 043 | |a a-tu--- | ||
| 050 | 1 | 4 | |a DR592.T66 |b O34 1992 |
| 100 | 1 | |a Öğün, Süleyman Seyfi, |d 1959- | |
| 245 | 1 | 0 | |a Türkiye'de cemaatçi milliyetçilik ve Nurettin Topçu / |c Süleyman Seyfi Öğün. |
| 250 | |a 1. baskı. | ||
| 260 | |a Çemberlitaş, İstanbul : |b Dergâh Yayınları, |c 1992. | ||
| 300 | |a 202 p. ; |c 20 cm. | ||
| 490 | 1 | |a Çağdaş Türk düşüncesi ; |v 18 | |
| 500 | |a "143"--P. facing t.p. | ||
| 504 | |a Includes bibliographical references (p. 193-198). | ||
| 600 | 1 | 0 | |a Topçu, Nurettin, |d 1909-1975. |
| 650 | 0 | |a Nationalism |z Turkey. | |
| 653 | 0 | |a Turkey; |a nationalism; |a Nurettin Topçu | |
| 752 | |a Turkey |d Istanbul. | ||
| 830 | 0 | |a Çağdaş Türk düşüncesi ; |v 18. | |
| 988 | |a 20020608 | ||
| 906 | |0 MH | ||


